00326nam a2200133Ia 4500008004100000041000800041082001700049100003700066245002500103250000600128260004100134300000800175650000900183210716s1992 xx 000 0 und d aeng a005.363 SONS aSoni, Sanjay; Aggarwal, Vinayak. aData pascal and you. a1 aNew DelhibSultan chand & sonsc1992 a390 aNone